[Event "RSA-ch op"]
[Site "Durban"]
[Date "2024.07.01"]
[Round "5"]
[White "Chettiar, Evasan"]
[Black "Vele, Ompha"]
[Result "1-0"]
[WhiteElo "1921"]
[BlackElo "1617"]
[PlyCount "75"]
[EventDate "2024.06.29"]
[EventType "swiss"]
[EventRounds "11"]
[EventCountry "RSA"]
[SourceTitle "EXT 2025"]
[Source "ChessBase"]
[SourceDate "2024.10.14"]
[SourceVersion "1"]
[SourceVersionDate "2024.10.14"]
[SourceQuality "1"]

1. d4 Nf6 2. c4 e6 3. Nc3 d5 4. cxd5 exd5 5. Bg5 Bb4 6. e3 h6 7. Qa4+ Nc6 8. Bh4 0-0 9. Bd3 Re8 10. a3 Be7 11. Qc2 Nd7 12. Bg3 Nf8 13. Nge2 Bd6 14. Bxd6 Qxd6 15. 0-0-0 a6 16. Nf4 Nxd4 17. Qa4 Nc6 18. Nfxd5 Kh8 19. Bc2 Ra7 20. Ne4 Qd8 21. Ndf6 Qe7 22. Nxe8 Qxe8 23. Ng3 b5 24. Qe4 Be6 25. f4 f5 26. Nxf5 Na5 27. Nxg7 Kxg7 28. Qd4+ Kg8 29. Qxa7 Qc6 30. Kb1 Qc4 31. Qd4 Qa2+ 32. Kc1 Nc4 33. Bb1 Qa1 34. Rd3 c5 35. Qf6 Na5 36. Rd8 Nb3+ 37. Kc2 Bf7 38. Qxh6 1-0

[Event "RSA-ch op"]
[Site "Durban"]
[Date "2024.06.30"]
[Round "4"]
[White "Coetsee, Dewald"]
[Black "Vele, Ompha"]
[Result "0-1"]
[WhiteElo "1734"]
[BlackElo "1617"]
[PlyCount "118"]
[EventDate "2024.06.29"]
[EventType "swiss"]
[EventRounds "11"]
[EventCountry "RSA"]
[SourceTitle "EXT 2025"]
[Source "ChessBase"]
[SourceDate "2024.10.14"]
[SourceVersion "1"]
[SourceVersionDate "2024.10.14"]
[SourceQuality "1"]

1. e4 c6 2. d4 d5 3. exd5 cxd5 4. c4 Nf6 5. Nc3 Nc6 6. Bg5 e6 7. Nf3 Be7 8. c5 h6 9. Bh4 b6 10. Bb5 Bd7 11. Qa4 g5 12. Bxc6 gxh4 13. Ne5 Bxc6 14. Qxc6+ Kf8 15. Qb7 Qc8 16. Qxc8+ Rxc8 17. b4 Rg8 18. g3 Ng4 19. Nf3 Bf6 20. h3 bxc5 21. hxg4 hxg3 22. Ne5 Bxe5 23. dxe5 cxb4 24. Nb5 g2 25. Rg1 Rxg4 26. f3 Rg5 27. Kd2 a6 28. Nd6 Rc3 29. f4 Rgg3 30. f5 h5 31. Rab1 a5 32. fxe6 fxe6 33. Nb5 Rcd3+ 34. Ke2 Rde3+ 35. Kf2 Ref3+ 36. Ke2 Rf4 37. Rbc1 h4 38. Rc8+ Kg7 39. Rc7+ Kg6 40. Rc8 Kf5 41. Rf8+ Kxe5 42. Rxf4 Kxf4 43. Kf2 h3 44. Nd4 Ra3 45. Nxe6+ Kg4 46. Ra1 Rf3+ 47. Ke2 h2 48. Nd4 Rf1 49. Rxf1 gxf1Q+ 50. Kxf1 h1Q+ 51. Kf2 Qh2+ 52. Kf1 Qd2 53. Ne2 Kf3 54. Ng1+ Ke3 55. Nh3 Qe2+ 56. Kg1 Kf3 57. Nf4 Kxf4 58. a4 bxa3 59. Kh1 a2 0-1